• 首页
  • 本馆介绍
  • 公告通知
  • 最新文献
  • 馆藏检索
  • 电子资源
  • 读者导购
  • 参考咨询
  • 我的图书馆
  • 登录
  • 详细信息显示
  • 放入我的书架
  • 预约/预借图书
  • 作者相关作品
  • 分类相关作品
  • 丛书相关作品
  • 出版社相关作品

书目信息

  • 表格格式
  • 工作单格式
  • 卡片格式
题名:
尚美致行
    
 
作者: ;上海市艺术学科德育协同研究中心 编著
分册:  
出版信息: 上海   上海教育出版社  2021.2
页数: 97页
开本: 26cm
丛书名: 上海市艺术学科德育优秀课例丛书
单 册:
中图分类: G623.752
科图分类:
主题词: 美术课--教学研究--中小学
电子资源:
ISBN: 978-7-5720-0458-2
000 00918nam2 2200265 45
001 012001003903
005 20140916081854.0
010    @a978-7-5720-0458-2@dCNY33.60
100    @a20210519d2021 em y0chiy0110 ea
101 0  @achi
102    @aCN@b310000
105    @aa z 000yy
106    @ar
200 1  @a尚美致行@Ashang mei zhi xing@f上海市艺术学科德育协同研究中心编著
210    @a上海@c上海教育出版社@d2021.2
215    @a97页@c图@d26cm
225 2  @a上海市艺术学科德育优秀课例丛书
330    @a本书内容包括:融通乡土生活 育人生态素养、方寸之美等。
410  0 @12001 @a上海市艺术学科德育优秀课例丛书
461  0 @12001 @a上海市艺术学科德育优秀课例丛书
606 0  @a美术课@x教学研究@x中小学
690    @aG623.752@v5
711 02 @a上海市艺术学科德育协同研究中心@Ashang hai shi yi shu xue ke de yu xie tong yan jiu zhong xin@4编著
801    @aCN@bAHXH@c20210922
905    @b1328437-41@dG623.752@e2373@f5
    
    尚美致行/上海市艺术学科德育协同研究中心编著.-上海:上海教育出版社,2021.2
    97页:图;26cm.-(上海市艺术学科德育优秀课例丛书)
    
    
    ISBN 978-7-5720-0458-2:CNY33.60
    本书内容包括:融通乡土生活 育人生态素养、方寸之美等。
●
相关链接 在E读中查询图书 在五车中查询图书 在当当中查询图书 在豆瓣中查询图书


正题名:尚美致行     索取号:G623.752/2373         预约/预借

序号 登录号 条形码 馆藏地/架位号 状态 备注
1 1328437   213284373   第一样本阅览室/ [索取号:G623.752/2373] 在馆    
2 1328438   213284382   教育系资料室/ [索取号:G623.752/2373] 在馆    
3 1328439   213284391   教育系资料室/ [索取号:G623.752/2373] 在馆    
4 1328440   213284408   第四借阅区/ [索取号:G623.752/2373] 在馆    
5 1328441   213284417   第四借阅区/ [索取号:G623.752/2373] 在馆    
唐山师范学院图书馆 欢迎您!
大连网信软件有限公司© 版权所有